000 00534nam a2200181 a 4500
001 000013701
005 20200929163321.0
008 091127s1986 dr ac 001 0 spa d
040 _aDO-SdBNP
_bspa
_cBNPHU
082 _a303.34
_bG124l
100 1 _aGadea, Jorge A.
_921355
245 1 0 _aLiderazgo fundamental /
_cJorge A. Gadea ; presentación Julio Soto.
260 _aSanto Domingo :
_bCorripio,
_c1986.
300 _a189 p. :
_bil., retrs. ;
_c21 cm.
650 4 _aLiderazgo
_9115
700 1 _aSoto, Julio
_931138
049 _aBNPD
999 _c13314
_d13314